000
00314nam a2200133Ia 4500
008
231129s1966||||xx |||||||||||||| ||spa||
040
_b
spa
082
_a
155.3 S486s
100
_a
Serna S. Juan
245
0
_a
El sentido psicológico del sexo
260
_c
1966
264
_a
Carpel Antorcha
942
_2
ddc
_c
BKS
999
_c
12399
_d
12399